Library Banner

The reader's digest great encyclopaedic dictionary (Record no. 81184)

MARC details
000 -LEADER
fixed length control field 00382nam a22001337a 4500
005 - DATE AND TIME OF LATEST TRANSACTION
control field 20161213100848.0
008 - FIXED-LENGTH DATA ELEMENTS--GENERAL INFORMATION
fixed length control field 160106b xxu||||| |||| 00| 0 eng d
040 ## - CATALOGING SOURCE
Transcribing agency PK-LaUMT
082 ## - DEWEY DECIMAL CLASSIFICATION NUMBER
Classification number MMC R 423
Item number REA-
245 ## - TITLE STATEMENT
Title The reader's digest great encyclopaedic dictionary
260 ## - PUBLICATION, DISTRIBUTION, ETC. (IMPRINT)
Place of publication, distribution, etc London
Name of publisher, distributor, etc The great digest association
Date of publication, distribution, etc 1962
300 ## - PHYSICAL DESCRIPTION
Extent Vol.1: 528 p
-- Vol.3: 1744
942 ## - ADDED ENTRY ELEMENTS (KOHA)
Koha item type Reference
Holdings
Withdrawn status Lost status Damaged status Home library Current library Date acquired Full call number Barcode Date last seen Price effective from Koha item type Serial Enumeration / chronology
      UMT Main Campus UMT Main Campus 2016-01-06 MMC R 403 REA- 95820 2016-01-06 2016-01-06 Reference  
      UMT Main Campus UMT Main Campus 2016-12-02 MMC R 423 REA- 102894 2016-12-02 2016-12-02 Reference Vol.3